FC Barcelone : 11 du XXème siècle - Statistiques

Statistiques générales
  • Ce quiz a été pris 137 fois
  • Le résultat moyen est 6 sur 12
Statistiques - réponses
Postes Pays Années de passage Joueurs % Correct
Entraîneur Pays-Bas 1988-1996 Johan Cruyff
93%
Attaquant Brésil 1996-1997 Ronaldo Nazario
91%
Attaquant Brésil 1997-2002 Rivaldo
85%
Défenseur Central Pays-Bas 1989-1995 Ronald Koeman
70%
Attaquant Brésil 1993-1995 Romario
68%
Milieu de terrain Espagne 1990-2001 Pep Guardiola
55%
Milieu de terrain Espagne 1996-2004 Luis Enrique
41%
Gardien Espagne 1986-1994 Andoni Zubizarreta
36%
Milieu de terrain Pays-Bas 1974-1979 Johan Neeskens
21%
Défenseur Droit Espagne 1965-1976 Antoni Torres
1%
Défenseur Gauche Espagne 1956-1969 Fernando Olivella
0%
Défenseur Central Espagne 1973-1988 Miguel Bernardo Bianquetti
0%
Aucun quiz correspondant
Distribution des résultats
% des personnes avec chaque résultat
Percentile par nombre de réponses
Votre historique - résultats
Vous n’avez pas pris ce quiz